| 000 -CABECERA |
| fixed length control field |
00859nam a22002177a 4500 |
| 003 - IDENTIFICADOR DEL NÚMERO DE CONTROL |
| control field |
AR-CdUCM |
| 008 - DATOS DE LONGITUD FIJA--INFORMACIÓN GENERAL |
| fixed length control field |
190226b ||||| |||| 00| 0 ita d |
| 040 ## - FUENTE DE LA CATALOGACIÓN |
| Agencia/entidad que catalogó originalmente la obra |
MUNICIPALIDAD PROVINCIAL DEL CUSCO |
| Entidad que transcribió la catalogación |
BIBLIOTECA MUNICIPAL DEL CUSCO |
| 082 ## - NÚMERO DE LA CLASIFICACIÓN DECIMAL DEWEY |
| No. de Clasificación |
344.4945 / |
| Notacion interna |
SI57 |
| 100 ## - ENTRADA PRINCIPAL--NOMBRE DE PERSONA |
| Nombre Personal |
Siracusa, Francesco |
| 245 ## - MENCIÓN DE TÍTULO |
| Título |
Istituzioni di diritto penitenziario / |
| 260 ## - PUBLICACIÓN, DISTRIBUCIÓN, ETC. |
| Lugar de publicación, distribución, etc. |
Milano : |
| Nombre de la editorial, distribuidor, etc. |
Editore Libraio della Real Casa, |
| Fecha de publicación, distribución, etc. |
1935. |
| 300 ## - DESCRIPCIÓN FÍSICA |
| Nº de Páginas Extensión |
374 páginas ; |
| Dimensiones |
15 cm. |
| 505 ## - NOTA DE CONTENIDO CON FORMATO |
| Nota de contenido formateada |
Contenido: Sintesi del diritto penitenziario -- Fonti del diritto penitenziario -- Ordinamento penitenziario -- Il rapporto giuridico punitivo esecutivo -- Il rapporto giuridico punitivo esecutivo ... |
| 650 ## - PUNTO DE ACCESO ADICIONAL DE MATERIA--TÉRMINO DE MATERIA |
| Descriptor |
Italia |
| 9 (RLIN) |
2273 |
| 650 ## - PUNTO DE ACCESO ADICIONAL DE MATERIA--TÉRMINO DE MATERIA |
| Descriptor |
Ciencias Políticas |
| 9 (RLIN) |
3123 |
| 650 ## - PUNTO DE ACCESO ADICIONAL DE MATERIA--TÉRMINO DE MATERIA |
| Descriptor |
Derecho |
| 9 (RLIN) |
739 |
| 700 ## - PUNTO DE ACCESO ADICIONAL--NOMBRE DE PERSONA |
| Nombre Personal |
Hoepli, Manuali (coautor) |
| 9 (RLIN) |
4918 |
| 942 ## - ELEMENTOS DE PUNTO DE ACCESO ADICIONAL (KOHA) |
| Fuente de clasificación |
|
| Tipo de item |
Libros-BMC |
| 945 ## - PROCESAMIENTO DE INFORMACIÓN LOCAL (OCLC) |
| Catalogador |
achl |